Littérature : Personnages principaux des Rougon-Macquart - Statistiques

Statistiques générales
  • Ce quiz a été pris 62 fois
  • Le résultat moyen est 8 sur 20
Statistiques - réponses
Hint Réponse % Correct
Son Excellence Eugène Rougon Eugène Rougon
83%
Nana Anna Coupeau
74%
L'Assommoir Gervaise Macquart
72%
Germinal Etienne Lantier
64%
Le docteur Pascal Pascal Rougon & Clotilde Saccard
64%
L'Oeuvre Claude Lantier
47%
La faute de l'Abbé Mouret Serge Mouret
47%
Au bonheur des dames Octave Mouret
45%
La bête humaine Jacques Lantier
40%
La fortune des Rougon Pierre Rougon
36%
Pot-Bouille Octave Mouret
32%
L'Argent Aristide Saccard
28%
La Terre Jean Macquart
26%
La conquête de Plassans François & Marthe Mouret
25%
La Débâcle Jean Macquart
25%
Une page d'amour Hélène Mouret-Grandjean
23%
Le ventre de Paris Lisa Macquart-Quenu
23%
La joie de vivre Pauline Quenu
21%
La Curée Aristide Rougon-Saccard
19%
Le Rêve Angélique Rougon
15%
Aucun quiz correspondant
Distribution des résultats
% des personnes avec chaque résultat
Percentile par nombre de réponses
Votre historique - résultats
Vous n’avez pas pris ce quiz